000 00442pab a2200157 454500
008 180718b1999 xxu||||| |||| 00| 0 eng d
100 _aConnors, Michael Kelly
245 _aPolitical reform and the state in Thailand
260 _c1999
300 _ap.202-26
650 _aState - Thailand
650 _aThailand - Politics and government
650 _aPolitics and government
773 _aJournal of Contemporary Asia
909 _a41302
999 _c41302
_d41302